Flags of the World - Unpopular - Statistics

General Stats
  • This quiz has been taken 18 times
  • The average score is 7 of 8
Answer Stats
Picture Answer % Correct
Dominican Republic
100%
Moldova
100%
Belize
88%
Central African Republic
88%
Djibouti
88%
Kiribati
88%
Sao Tome and Principe
88%
Tajikistan
82%
No matching quizzes found
Score Distribution
Percent of People with Each Score
Percentile by Number Answered
Your Score History
You have not taken this quiz